International business : (Record no. 7952)

MARC details
000 -LEADER
fixed length control field 00398nam a2200133 4500
020 ## - INTERNATIONAL STANDARD BOOK NUMBER
ISBN 0256270538
050 ## - CALL NUMBER
Classification number HD62.4
Item number .H55
100 ## - AUTHOR
Personal name Hill, Charles W. L
-- Hult, G. Tomas M.
245 ## - TITLE
Title International business :
Remainder of title competing in the global marketplace
Statement of responsibility, etc by Charles W L Hill
260 ## - PUBLICATION INFORMATION
Place of publication Boston
Name of publisher Irwin/McGraw-Hill
Year of publication 1999
300 ## - DESCRIPTION
Number of Pages XX, 630
650 ## - SUBJECTS
Topical Term Internationales Management
942 ## - ADDED ENTRY ELEMENTS (KOHA)
Koha item type Books

No items available.

Copyright © 2026  MUG Library